000 00804cam a22002414a 4500
001 13481013
005 20180228074754.0
008 040205s2005 nyua b 001 0 eng
010 _a 2004044857
020 _a0072880252 (alk. paper)
040 _aDLC
_cDLC
_dDLC
041 _aeng
042 _apcc
080 _a658.45 ron
082 0 0 _a658.45 ron
_222
100 1 _a60
101 _abus
245 1 0 _aCommunicating at work :
_cRonald B. Adler, Jeanne Marquardt Elmhorst.
504 _aIncludes bibliographical references and index.
906 _a7
_bcbc
_corignew
_d1
_eocip
_f20
_gy-gencatlg
942 _2ddc
_cBK
999 _c43713
_d43713